Memorias de la Real Academia Española, (Record no. 172571)

MARC details
000 -LEADER
campo de control de longitud fija 02154nam a2200193 i 4500
001 - NÚMERO DE CONTROL
campo de control 172571
003 - IDENTIFICADOR DE NÚMERO DE CONTROL
campo de control ES-MaACL
005 - FECHA Y HORA DE LA ÚLTIMA TRANSACCIÓN
campo de control 20230929062540.0
008 - DATOS DE LONGITUD FIJA--INFORMACIÓN GENERAL
campo de control de longitud fija 090721s1886 sp |||| | spa d
080 ## - NÚMERO DE LA CLASIFICACIÓN DECIMAL UNIVERSAL
Número de la Clasificación Decimal Universal 821.134.2
080 ## - NÚMERO DE LA CLASIFICACIÓN DECIMAL UNIVERSAL
Número de la Clasificación Decimal Universal 811.134.2
110 2# - ENTRADA PRINCIPAL--NOMBRE DE ENTIDAD CORPORATIVA
Nombre de entidad corporativa o nombre de jurisdicción como elemento de entrada Real Academia Española
9 (RLIN) 6336
245 10 - MENCIÓN DEL TÍTULO
Título Memorias de la Real Academia Española,
Fechas extremas/inclusivas 1886 /
Mención de responsabilidad, etc. Real Academia Española.
260 ## - PUBLICACIÓN, DISTRIBUCIÓN, ETC.
Lugar de publicación, distribución, etc. Madrid :
Nombre del editor, distribuidor, etc. [s.n.],
Fecha de publicación, distribución, etc. 1886 (
Fabricante Imp. Manuel Tello)
300 ## - DESCRIPCIÓN FÍSICA
Extensión 1 v. ;
Dimensiones 24 cm.
505 8# - NOTA DE CONTENIDO CON FORMATO
Nota de contenido con formato Contiene: T. V: Necrología de Tomás de Corral y Oña / Tomás Rodríguez Rubi (28 p.). Antonio Ferrer del Río / Juan Eugenio Hartzenbusch (p. 30-43). Comunicación dirigida en acción de gracias a la Real Academia Española / Julio Calcaño (p. 44-52). Carta en bable al Presidente de la Real Academia Española / Apolinar Rato de Argüelles (p. 53-76). Oración fúnebre en las honras de Miguel de Cervantes pronunciada el 29 de abril de 1869 / Cayetano Fernández (p. 77-106). Sobre el Quijote y sobre las diferentes maneras de comentarle y juzgarle / Juan Valera (p. 107-160). Necrología de D. Frutos Saavedra Meneses / Manuel Cañete (p. 161-178). Estudio acerca de las relaciones que enlazan los fenómenos naturales con la ciencia del lenguaje / Frutos Saavedra Meneses (p. 179-217). Memoria relativa al monumento mural dedicado a Fray Lope Félix de Vega Carpio por la Real Academia Española (p. 218-282). Oración fúnebre en las honras de Miguel de Cervantes pronunciada el 24 de abril de 1876 / Servando Arbolí (p. 283-313). Discurso leído el 1 de marzo de 1874 / José de Selgas y Carrasco (p. 314-329). Contestación / Cándido Nocedal (p. 330-349). Autoridad de la Academia Española en materia de lenguaje / León Gakindo y de Vera (p. 650-380). Contestación / Fermín de la Puente Apezechea (p. 381-432). Del estilo y de los conceptos de nuestros filósofos contemporáneos / Vicente Barrantes (p. 433-486). Contestación / Cándido Nocedal (p. 487-503). Discurso leído el 30 de abril de 1876 / Agustín Pascual (p. 504- 621). Contestación / Francisco de Paula Canalejas (p. 622-647).
852 ## - LOCALIZACIÓN
Ubicación ES-MaACL
Número de control de estantería K-163
Holdings
Estatus retirado Estado de pérdida Estado de daño No para préstamo Colección Biblioteca de origen Biblioteca actual Ubicación en estantería Fecha de adquisición Total de préstamos Signatura topográfica completa Código de barras Visto por última vez Precio de reemplazo Tipo de ítem Koha
        Libros del s. XIX Biblioteca del Ateneo de Madrid Biblioteca del Ateneo de Madrid Administración 21/07/2009   K-163 1181099 23/02/2023 23/02/2023 Libro impreso antiguo